| 000 | 00403nab a2200145Ia 4500 | ||
|---|---|---|---|
| 003 | ES-SlBCS | ||
| 005 | 20210601124950.0 | ||
| 008 | 140529s1984 xxu||||| |||| 00| 0 eng d | ||
| 041 | _aeng | ||
| 100 | 1 |
_aSiegel, Harvey _9139280 |
|
| 245 | 0 | 0 |
_aGoodmanian Relativism _c Harvey Siegel |
| 650 | 0 | 4 |
_aRelativismo _994349 |
| 773 | 0 |
_tMonist, the _gvol. 67, nº. 3, 1984, págs. 359-375 _wRev1667 |
|
| 942 | _cAR | ||
| 999 |
_c522480 _d522480 |
||